000
00285nam a2200121Ia 4500
008
150201s2006 xx 000 0 und d
082
_a
610
_b
M06P
100
_a
PANDA,UN
245
_a
MEDICINE PEARLS
260
_b
AITBS
_a
DELHI
_c
2006
650
_a
MEDICINE AND DIAGNOSIS
942
_2
ddc
_c
BK
999
_c
823
_d
823